Statistics for JetPunk Users with the Most Featured Quizzes

Click here to take the quiz!

General Stats

  • This quiz has been taken 21 times
    (6 since last reset)
  • The average score is 13 of 30

Answer Stats

# of Features Feature Ratio Preferred Language JetPunk User % Correct
4,259100 %English
Quizmaster
100%
837.6 %English
WolfCam
83%
1,17473.1 %Spanish
Gamer1162
83%
14414.2%English
Stewart
83%
24023.5 %English
relessness
67%
226100 %French
punkfrancais
67%
321.8 %English
scambigol
67%
884.2 %English
KoljiVriVoda
67%
30100 %German
deutschPunk
50%
408.3 %English
Jiaozira
50%
3013.5 %English
kalbahamut
50%
1067.0 %English
Quizzer6794
50%
9914.6 %English
kiwirage
50%
2103.7 %French
Jerry928
50%
27100%Portuguese
punkPortugues
50%
55645.8 %German
Gassu69
50%
310.7%English
skukka
50%
3534.3 %English
CBTemple
33%
31100 %Spanish
punkEspanol
33%
3129.2 %English
buck1017
17%
3228.3 %English
alberici
17%
3623.8 %English
Kestrana
17%
6448.1 %Portuguese
jpedrocm
17%
284.0%English
joez
17%
21749.2%Italian
Quizgas
17%
2332.9 %English
ThirdParty
17%
234.4 %English
Aaron197
17%
2323.0%French
GamerandJerry
17%
2014.4 %English
Geoguy
17%
204.0%English
nichster
17%

Score Distribution

Percentile by Number Answered

Percent of People with Each Score

Your Score History

You have not taken this quiz since the last reset